| 000 | 00999cam a22002893a 4500 | ||
|---|---|---|---|
| 001 | 6854 | ||
| 003 | PGUSA | ||
| 005 | 20140828083137.0 | ||
| 008 | 041101s2004||||xxu|||||s|||||000 | eng d | ||
| 040 |
_aPGUSA _beng |
||
| 042 | _adc | ||
| 050 | 4 | _aPS | |
| 100 | 1 |
_aCampbell, Helen, _d1839-1918 |
|
| 245 | 1 | 0 |
_aAnne Bradstreet and Her Time _h[electronic resource] / _cHelen Campbell |
| 260 |
_bProject Gutenberg, _c2004 |
||
| 506 | _aPublic domain in the USA. | ||
| 516 | _aElectronic text | ||
| 653 | _aPuritan women -- New England -- Biography | ||
| 653 | _aBradstreet, Anne, 1612?-1672 | ||
| 653 | _aWomen and literature -- New England -- History -- 17th century | ||
| 653 | _aNew England -- Intellectual life -- 17th century | ||
| 653 | _aPoets, American -- Colonial period, ca. 1600-1775 -- Biography | ||
| 653 | _aBradstreet, Anne, 1612?-1672 -- Criticism and interpretation | ||
| 830 | 0 |
_aProject Gutenberg _v6854 |
|
| 856 | 4 | 0 | _uhttp://www.gutenberg.org/ebooks/6854 |
| 942 | _cEB | ||
| 999 |
_c236174 _d236174 |
||